| 000 | 00443nam a22001697a 4500 | ||
|---|---|---|---|
| 005 | 20160630153241.0 | ||
| 008 | 160630b xxu||||| |||| 00| 0 eng d | ||
| 020 | _a81-8014-009-1 | ||
| 041 | _aeng | ||
| 082 | _b20004 | ||
| 100 |
_aGupta, B L & amit _93322 |
||
| 245 | _aRoads, Railways, Bridges, Tunnels & harbour dock engineering | ||
| 260 |
_bStandard Public _c2014 |
||
| 300 | _a5126 | ||
| 650 |
_aDiploma Engineering _9817 |
||
| 942 | _cBK | ||
| 999 |
_c4964 _d4962 |
||